| 000 | 01127nam0a2200325 i 4500 | ||
|---|---|---|---|
| 001 | RU\NLR\BIBL_A\011238442 | ||
| 005 | 20260406053435.0 | ||
| 010 |
_a9785916716023 _92000 |
||
| 021 |
_aRU _b2016-73727 _94775 |
||
| 035 | _a(NLR Aleph) 011238442 | ||
| 090 |
_a12108562 _c12108563 |
||
| 100 | _a20161011d2016 u y0rusy50 ca | ||
| 101 | 0 | _arus | |
| 102 | _aRU | ||
| 105 | _ay|||j|||000yy | ||
| 200 | 1 |
_aЛекции по истории религии _fАндрей Зубов |
|
| 210 |
_aМосква _cАльпина нон-фикшн _d2016 |
||
| 215 |
_a200, [1] с. _d17 |
||
| 300 | _aНа 4-й с. обл. авт.: А.Б. Зубов, д.ист.н., проф. | ||
| 333 | _a0+ | ||
| 333 | _a18+ | ||
| 606 | 1 |
_aРелигия _xИстория _91190702 _3RU\NLR\AUTH\66162574 |
|
| 686 | 1 | _aЭ23,0 | |
| 700 | 1 |
_8rus _7ca _aЗубов _bА. Б. _f1952- _gАндрей Борисович _3RU\NLR\AUTH\778188 _9118102 |
|
| 942 | _cBOOK | ||
| 980 | _aIA | ||
| 980 | _aNBR | ||
| 996 |
_aиноагент _bp _cЗубов Андрей Борисович |
||